Dream SMP Questions. - Statistics

General Stats
  • This quiz has been taken 5,686 times
  • The average score is 12 of 17
Answer Stats
Hint Answer % Correct
Who Made Dream Smp? Dream
100%
Who's Dreams British Friend? George
98%
Who Blew Up L'manberg? Wilbur
96%
Is Dream Older Than George? No
93%
How Old Is Dream This Year? 21
90%
Who do we call child? Tommy
90%
Who betrayed L'manberg Eret
85%
Who died from a heart attack? Jschlatt
84%
Who Killed Henry? Sapnap
84%
What does Dream Call His Youtube Videos When His Friends Try To Hunt Him Down? Manhunt
78%
Who Likes Anarchy? Technoblade
75%
____Boat Tubbo
70%
What did Dream Say As To Tommys Real Name Tomathy
50%
What Is Eret's Full Youtube Name? TheEret
47%
Continue The Lyrics, We didnt start the fire! It was always burning since the worlds been turning
41%
Big ___ Law
25%
Continue The Lyrics, I heard there was a special place Where men could go emancipate
19%
No matching quizzes found
Score Distribution
Percent of People with Each Score
Percentile by Number Answered
Your Score History
You have not taken this quiz